000 01000njm a22002417a 4500
005 20100831135911.0
006 a|||||r|||||00| 0
007 sd ammalaaahaa
008 100831t xxu||||| |||| 00| 0 eng d
028 _aN.88115
_bHis Master's Voice
035 _aGR-133
040 _aSED
_cSED
100 _aMukesh
_917690
245 _aPitu Matu Sahayak Swami Sakha /
_cSung by Mukesh
_h[Sound Recording] :
246 _aपितु मातु सहायक स्वामी सखा / मुकेश
260 _aDum Dum India
_bHis Master's Voice
300 _a1 sound disc (Gramophone Recording)
_banalog, 33 1/3 rpm
_c9.5 in. (MP)
_fGramophone Record
500 _aBrief Record
505 _aSide-2 सूर को गीत मैं क्या जानू (Soor Ko Geet Main Kya Jaanu) (Mukesh)
650 _aHindustani Classical Music
_xExcerpts
_zIndia
_917691
942 _2ddc
_cGR
999 _c43234
_d43234